| 000 | 00705nam a2200193Ia 4500 | ||
|---|---|---|---|
| 999 |
_c64123 _d64123 |
||
| 005 | 20240530110715.0 | ||
| 008 | 140319s2012 le a 000 0 ara d | ||
| 020 | _a9771360183 | ||
| 040 |
_aGCL / _cGCL |
||
| 082 | 0 | 4 |
_221 _a953.2\ _bع أ |
| 100 | 0 | _aعبدالرحمن المرادى البيضانى | |
| 245 | 1 | 0 |
_aازمة الامة العربية وثورة اليمن / _cعبدالرحمن المرادى البيضانى . |
| 250 | _aط.5 | ||
| 300 |
_a950 ص ؛ _c24 سم |
||
| 650 | 0 | 7 |
_2qrmak _aثورة اليمن |
| 651 | 0 | 7 |
_2qrmak _aاليمن الجنوبى _xتاريخ _yالعصر الحديث _xالاستقلال |
| 651 | 0 | 7 |
_2qrmak _aاليمن _xتاريخ |
| 942 |
_2ddc _cBK |
||